| 000 | 00705nam a2200205Ia 4500 | ||
|---|---|---|---|
| 003 | GCL | ||
| 008 | 140319s9999 xx 000 0 ara d | ||
| 040 |
_aGCL / _cGCL |
||
| 082 | 0 | 4 |
_a910.09 _bف ج |
| 100 | 1 | _aفتحى محمد ابوعيانة | |
| 245 | 1 | 0 |
_aجغرافية العمران: دراسة تحليلية للقرية والمدينة / _cفتحى محمد ابوعيانة |
| 300 | _a490 ص | ||
| 490 |
_aالهيئة العامة للاستعلامات _v0 |
||
| 650 | 0 | 4 | _aالجغرافيا |
| 650 | 0 | 4 | _aالجغرافيا البشرية |
| 650 | 0 | 4 | _aجغرافية العمران |
| 650 | 0 | 4 | _aجغرافية القرى |
| 650 | 0 | 4 | _aجغرافية المدن |
| 942 |
_2ddc _cBK |
||
| 999 |
_c49247 _d49247 |
||